01396nam a2200241Ia 4500001000600000003000900006008004100015040001300056040001300069041001300082100001500095100002900110245006700139245006700206250001100273260001000284260001100294260004900305300004300354500069200397650003401089650003101123E0998IT-RoPAU130308s9999 xx 000 0 und d aIT-RoPAU cIT-RoPAU aFRANCESE aSaleh Imad gCodice Aut. SPICS: 44869 aLangages de developpement sur web (Les): Java, Shockwave, Vrml bLangages de developpement Sur web (Les): Java, Shockwave, Vrml a1a ed. aPARIS bHermes c1996 [1° Ed.:1996 - Ed.Ling.Originale:1996] a"160 p. (prefazione: no ; testo: 160)" aLinguaggi di Sviluppo del Web. Internet: Storia, Architettura, Servizi, Connessione, World Wide web (Www), Organizzazione di pagine Web. Concetti Base del Linguaggio Html, Creazione dei Documenti Html, Stili in Html, Introduzione delle risorse Esterne immagini Suono e Video, Scrittura di pagine Html. Director/Shockwave: Creazione di Animazioni Sul Web, Html e Director. Java: presentazione Generale, basi di Java, gestione e Trasmissione degli Argomenti Ai programmi Java in Linea di Comando, Tecnica di polimorfismo e Metodo in Java. Vrml: Storia e Obiettivi del Linguaggio, Vrml e Url, Vrml e Java. Sintesi. Appendici: Ipertesto, Applicazioni sotto Director. Glossario. Bibliografia. aTECNICA DELLA MULTIMEDIALITA' eCodice materia Spics: 4252